Every living thing / (Record no. 232616)

000 -LEADER
fixed length control field 00903pam a2200265 a 4500
001 - CONTROL NUMBER
control field 3449652
003 - CONTROL NUMBER IDENTIFIER
control field Nust
005 - DATE AND TIME OF LATEST TRANSACTION
control field 20170221142557.0
008 - FIXED-LENGTH DATA ELEMENTS--GENERAL INFORMATION
fixed length control field 920521s1992 nyu 000 0aeng
010 ## - LIBRARY OF CONGRESS CONTROL NUMBER
LC control number 92018526
020 ## - INTERNATIONAL STANDARD BOOK NUMBER
International Standard Book Number 9780330443456
Terms of availability $22.95
040 ## - CATALOGING SOURCE
Original cataloging agency DLC
Transcribing agency DLC
Modifying agency DLC
043 ## - GEOGRAPHIC AREA CODE
Geographic area code e-uk-en
050 00 - LIBRARY OF CONGRESS CALL NUMBER
Classification number SF613.H44
Item number A288 1992
082 00 - DEWEY DECIMAL CLASSIFICATION NUMBER
Classification number 636.089092
Author Mark HER
100 1# - MAIN ENTRY--PERSONAL NAME
Personal name Herriot, James.
245 10 - TITLE STATEMENT
Title Every living thing /
Statement of responsibility, etc. James Herriot.
250 ## - EDITION STATEMENT
Edition statement 1st ed.
260 ## - PUBLICATION, DISTRIBUTION, ETC.
Place of publication, distribution, etc. New York :
Name of publisher, distributor, etc. St. Martin's Press,
Date of publication, distribution, etc. 1992.
300 ## - PHYSICAL DESCRIPTION
Extent 370 p. ;
Dimensions 25 cm.
600 10 - SUBJECT ADDED ENTRY--PERSONAL NAME
Personal name Herriot, James.
650 #0 - SUBJECT ADDED ENTRY--TOPICAL TERM
Topical term or geographic name entry element Veterinarians
Geographic subdivision England
-- Yorkshire
General subdivision Biography.
906 ## - LOCAL DATA ELEMENT F, LDF (RLIN)
a 7
b cbc
c orignew
d 1
e ocip
f 19
g y-gencatlg
942 ## - ADDED ENTRY ELEMENTS (KOHA)
Source of classification or shelving scheme
Koha item type Book
Holdings
Withdrawn status Lost status Source of classification or shelving scheme Damaged status Not for loan Permanent Location Current Location Shelving location Date acquired Total Checkouts Full call number Barcode Date last seen Date last checked out Copy number Price effective from Koha item type
          Central Library (CL) Central Library (CL) Fiction 02/21/2017 1 636.0890924 HER CL1677 09/13/2023 05/11/2022 1 02/21/2017 Book
© 2023 Central Library, National University of Sciences and Technology. All Rights Reserved.